<?xml version="1.0" encoding="UTF-8"?>
<collection xmlns="http://www.loc.gov/MARC21/slim">
 <record>
  <leader>00478nam a22001335a 4500</leader>
  <controlfield tag="001">EEA.libagro000021</controlfield>
  <controlfield tag="008">130809s1966####ag#a##########000#0#spa#d</controlfield>
  <controlfield tag="005">20211001104607.0</controlfield>
  <datafield tag="245" ind1="1" ind2="0">
   <subfield code="a">Resumen de la estadística hidrológica hasta 1962. /</subfield>
   <subfield code="c">Secretaría de Estado de Energía y Minería.</subfield>
  </datafield>
  <datafield tag="260" ind1=" " ind2=" ">
   <subfield code="a">Buenos Aires :</subfield>
   <subfield code="b">AyE,</subfield>
   <subfield code="c">1966.</subfield>
  </datafield>
  <datafield tag="300" ind1=" " ind2=" ">
   <subfield code="a">318 p. :</subfield>
   <subfield code="b">il. ;</subfield>
   <subfield code="c">29 cm.</subfield>
  </datafield>
  <datafield tag="710" ind1="2" ind2=" ">
   <subfield code="a">Agua y Energía Eléctrica.</subfield>
  </datafield>
  <datafield tag="082" ind1="0" ind2="4">
   <subfield code="a">551.48021</subfield>
  </datafield>
  <datafield tag="859" ind1=" " ind2=" ">
   <subfield code="a">AR-BbBCA</subfield>
   <subfield code="b">BIB. AGRONOMIA</subfield>
   <subfield code="h">551.48021</subfield>
   <subfield code="i">A282</subfield>
   <subfield code="p">1967/0462</subfield>
  </datafield>
 </record>
</collection>
